000 01503cam a2200169 4500500
005 20260111104950.0
041 _afre
042 _adc
100 1 0 _aNye, Joseph
_eauthor
245 0 0 _aLa puissance américaine et la lutte contre le terrorisme
260 _c2005.
500 _a47
520 _aRésuméLa réorientation de la politique étrangère de George W. Bush sous l’effet des attentats de 2001 a conduit à une très nette détérioration du «  soft power » américain. Un réalisme traditionnel a cédé à un idéalisme wilsonien qui est peu adapté aux formes plus diffuses de la puissance qu’exige le monde actuel. La trop grande confiance de l’administration dans le pouvoir militaire et son orgueil ont rendu plus difficile aujourd’hui la lutte contre le terrorisme.
520 _aAmerican Power and the Struggle against TerrorismThe shift from a traditional realist foreign policy to a Wilsonian idealist one in the aftermath of 9/11 has brought about a significant deterioration of America’s “soft power”. Power is the ability to influence others toward a desired outcome, not a fixed absolute granted by certain resources. A one-dimensional thinking that concentrates only on American military capacity is detrimental to the struggle against transnational terrorism.
786 0 _nPolitique américaine | 2 | 2 | 2005-06-01 | p. 11-20 | 1771-8848
856 4 1 _uhttps://shs.cairn.info/revue-politique-americaine-2005-2-page-11?lang=fr&redirect-ssocas=7080
999 _c1631237
_d1631237